Statistiques concernant Les meilleurs buteurs du Stade de Reims

Cliquez ici pour prendre le quiz!

Statistiques générales

  • Ce quiz a été pris 27 fois
  • Le résultat moyen est 5 sur 25

Statistiques - réponses

ButsJoueur% Correct
89Raymond Kopa
96%
145Just Fontaine
93%
90Cédric Fauré
52%
28Boulaye Dia
37%
130Carlos Bianchi
33%
27Diego Rigonato
33%
132Roger Piantoni
19%
45Délio Onnis
15%
26Pablo Chavarría
15%
99Bram Appel
11%
92Jean Vincent
11%
40Françis Méano
7%
60Hassan Akesbi
7%
57Pierre Sinibaldi
7%
52Santiago Santamaria
7%
35Michel Leblond
7%
117René Bliard
7%
34Armand Penverne
4%
38Jean Templin
4%
85Léon Glovacki
4%
29Michel Hidalgo
4%
29Paul Sauvage
4%
28Pierre Flamion
4%
31Bernard Lech
0%
40Alain Richard
0%

Distribution des résultats

Percentile par nombre de réponses

% des personnes avec chaque résultat

Votre développement - résultats

Vous n’avez pas pris ce quiz